Central Library OPAC University of Rajshahi

Organization and pathology of thought : (Record no. 30426)

MARC details
000 -LEADER
fixed length control field 01155cam a2200313 4500
001 - CONTROL NUMBER
control field 30426
003 - CONTROL NUMBER IDENTIFIER
rucl marc code BD-RjUL
005 - DATE AND TIME OF LATEST TRANSACTION
control field 20211209051548.0
008 - FIXED-LENGTH DATA ELEMENTS--GENERAL INFORMATION
fixed length control field 140409s1951 nyu b 001 0 eng u
035 ## - SYSTEM CONTROL NUMBER
System control number (BD-RjUL)30511
System control number (OCoLC)418144
040 ## - CATALOGING SOURCE
Original cataloging agency DLC
Transcribing agency AKR
Modifying agency BD-RjUL
Language of cataloging eng
041 ## - LANGUAGE CODE
Language code of text/sound track or separate title eng
082 00 - DEWEY DECIMAL CLASSIFICATION NUMBER
Classification number 153.082
Author mark and year ORG 1951
245 00 - TITLE STATEMENT
Title Organization and pathology of thought :
Remainder of title selected sources /
Statement of responsibility, etc. translation and commentary by David Rapaport.
260 ## - PUBLICATION, DISTRIBUTION, ETC. (IMPRINT)
Place of publication, distribution, etc. New York ;
-- London :
Name of publisher, distributor, etc. Columbia University Press,
Date of publication, distribution, etc. c1951.
300 ## - PHYSICAL DESCRIPTION
Pagination xviii, 786 p. ;
Illustrations 24 cm.
504 ## - BIBLIOGRAPHY, ETC. NOTE
Bibliography, etc Bibliography: p. [731]-770
Bibliography, etc Includes bibliographical references and index.
505 0# - FORMATTED CONTENTS NOTE
Formatted contents note pt. 1. Introduction -- pt. 2. Directed thinking -- pt. 3. Symbolism -- pt. 4. Motivation of thinking -- pt. 5. Fantasy-thinking -- pt. 6. Pathology of thinking -- pt. 7. Conclusion
650 #0 - SUBJECT ADDED ENTRY--TOPICAL TERM
Topical term or geographic name as entry element Psychoanalysis.
9 (RLIN) 92452
Topical term or geographic name as entry element Thought and thinking.
9 (RLIN) 92453
700 1# - ADDED ENTRY--PERSONAL NAME
Personal name Rapaport, David.
830 #0 - SERIES ADDED ENTRY--UNIFORM TITLE
Volume number/sequential designation no. 1
830 #0 - SERIES ADDED ENTRY--UNIFORM TITLE
Uniform title Austen Riggs Center monograph ;
942 ## - ADDED ENTRY ELEMENTS (KOHA)
Source of classification or shelving scheme Dewey Decimal Classification
Koha item type Books
Holdings
Lost status Source of classification or shelving scheme Damaged status Not for loan Collection code Permanent Location Current Location Shelving location Date acquired Source of acquisition Cost, normal purchase price Total Checkouts Full call number Date last seen Copy number Koha item type
  Dewey Decimal Classification   Not For Loan Non-fiction Central Library, University of Rajshahi Central Library, University of Rajshahi Reading Room 10/03/1958 M. T. Rahman 10.00   153.082 ORG 1951 09/04/2014 C-1 Books
  Dewey Decimal Classification     Non-fiction Central Library, University of Rajshahi Central Library, University of Rajshahi   05/07/1976 USIS, Dhaka     153.082 ORG 1965 12/04/2014 C-2 Books
  Dewey Decimal Classification     Non-fiction Central Library, University of Rajshahi Central Library, University of Rajshahi   03/07/1976 USIS, Dhaka     153.082 ORG 1965 12/04/2014 C-3 Books